DOST KAYIĞI (Record no. 932416)

MARC details
000 -LEADER
sabit uzunluktaki kontrol alanı 00245nam a2200097Ia 4500
001 - KONTROL NUMARASI
kontrol alanı 932416
005 - EN SON İŞLEMİN TARİH VE ZAMANI
kontrol alanı 20250826214926.0
008 - SABİT-UZUNLUKTA VERİ ÖĞELERİ--GENEL BİLGİ
sabit uzunluktaki kontrol alanı 250824s9999 xx 000 0 und d
245 #0 - ESER / YAZAR
ESER ADI DOST KAYIĞI
Yazar Adı BİLAL SAMİ GÖKDEMİR
260 ## - YAYIN, DAĞITIM, VB.
YAYIN EVİ PANAMA YAYINLARI
Holdings
Düşüm durumu Kayıp durumu Hasar Durumu Ödünç verilmez Ana kütüphane Geçerli Kütüphane Edinilen tarih Toplam ödünç verme sayısı Barkod Son görüntüleme tarihi Son ödünç verme tarihi Fiyatın geçerli olmaya başladığı tarih Koha materyal türü
        GAZİ MESLEKİ VE TEKNİK ANADOLU LİSESİ GAZİ MESLEKİ VE TEKNİK ANADOLU LİSESİ 24.08.2025 1 1044817 09.01.2026 11.12.2025 26.08.2025 Books